Mixed Word: Just a Spoonful Quiz Stats

 Plays Quiz Updated May 4, 2012

Support Sporcle.
Go Orange.
Score 0/20 Timer 06:00
0 Plays Today
Scrambled + Red Herring Unscrambled % Correct
UPOSSoup
98.1%
CIE MACREIce cream
96.2%
WETSStew
95.2%
LEJOLJello
91.8%
LICHIChili
91.3%
DAKEB NABESBaked beans
90%
NUDPIGDPudding
84.9%
RACEELCereal
83.4%
MACREDE NORCCreamed corn
80.7%
TEALCOOCH SUSOMEChocolate mousse
73.1%
Scrambled + Red Herring Unscrambled % Correct
RIFTU LACKTOCIFruit cocktail
72.5%
GOATECT HECESECottage cheese
71.2%
BLOBERCCobbler
69.1%
TOYRUGYogurt
60.3%
CAPLEPEASUApplesauce
55.6%
COPATAITapioca
53.4%
FARTPIAParfait
53%
CATDURSCustard
35.3%
BORSTESorbet
31.6%
TOMALEAOatmeal
27%

From the Vault

Harry Potter Characters Mentioned in One Book

by hockeystix3

Let's delve into some obscure Potter character knowledge.
Remove Ads.
Support Sporcle.
Get the best of Sporcle when you Go Orange. This ad-free experience offers more features, more stats, and more fun while also helping to support Sporcle. Thank you for becoming a member.

Show Comments

Extras

Top Quizzes Today


Score Distribution

Your Account Isn't Verified!

In order to create a playlist on Sporcle, you need to verify the email address you used during registration. Go to your Sporcle Settings to finish the process.

Report this User

Report this user for behavior that violates our Community Guidelines.

Details: